000 nam a22 7a 4500
999 _c9859
_d9859
008 180208b ||||| |||| 00| 0 eng d
100 _aVerghese, J
_95940
245 _aDictionary common erorrs
260 _aNew Delhi
_bMaanu Publication
_c2012